[Event "ONJK 2017 A"]
[Site "Borne, Netherlands"]
[Date "2017.08.08"]
[Round "2"]
[White "Ramacker, Quinten"]
[Black "Carpentier, Jannes"]
[Result "0-1"]
[WhiteElo "1981"]
[BlackElo "1896"]
[PlyCount "88"]
[EventDate "2017.08.??"]

1. e4 b6 2. d4 Bb7 3. Bd3 e6 4. Nf3 c5 5. c3 Nf6 6. Qe2 Be7 7. a3 Nc6 8. Nbd2
Na5 9. b4 c4 10. Bc2 Nb3 11. Rb1 Nxc1 12. Rxc1 b5 13. a4 a6 14. a5 Qc7 15. O-O
O-O 16. Bb1 Qf4 17. g3 Qh6 18. h4 Ng4 19. Ne5 Nxe5 20. dxe5 f6 21. exf6 Rxf6
22. e5 Rg6 23. Bxg6 Qxg6 24. h5 Qg5 25. g4 Rf8 26. f3 Qf4 27. Qh2 Qe3+ 28. Qf2
Qxe5 29. Rce1 Qxc3 30. Ne4 Bxe4 31. Rxe4 Qxb4 32. Kh1 Qxa5 33. h6 Rf6 34. g5
Rf5 35. hxg7 Rxg5 36. Rg4 Rh5+ 37. Kg2 Qc7 38. f4 Qc6+ 39. Kg3 Bc5 40. Qc2 d5
41. Re1 Bd4 42. Qd2 Qc5 43. Qa2 Qd6 44. Qd2 Qa3+ 0-1

[Event "ONJK 2017 A"]
[Site "Borne, Netherlands"]
[Date "2017.08.08"]
[Round "2"]
[White "Schelleman, Niels"]
[Black "Van Doren, Bas"]
[Result "0-1"]
[WhiteElo "1427"]
[BlackElo "1748"]
[PlyCount "64"]
[EventDate "2017.08.??"]

1. e4 c5 2. Nf3 e6 3. d4 cxd4 4. Nxd4 a6 5. Nc3 b5 6. Be3 Bb7 7. Bd3 Nf6 8. f3
Qc7 9. Qe2 Bb4 10. Bd2 Bc5 11. Nb3 Bb6 12. Be3 d5 13. exd5 Nxd5 14. Nxd5 Bxd5
15. Bxb6 Qxb6 16. Be4 Bc4 17. Qd2 Ra7 18. Na5 f5 19. Bd3 Rd7 20. a4 Qd4 21.
O-O-O Bxd3 22. cxd3 Qxa4 23. Qc3 Kf7 24. Nb3 Qf4+ 25. Kb1 Rc7 26. Qd4 Qxd4 27.
Nxd4 Rd8 28. Ne2 Nc6 29. Rd2 e5 30. Ng3 Kf6 31. Re1 Nb4 32. Re3 Rcd7 0-1

[Event "ONJK 2017 A"]
[Site "Borne, Netherlands"]
[Date "2017.08.08"]
[Round "2"]
[White "Schuttevaer, Tim"]
[Black "Weidema, Luuk"]
[Result "0-1"]
[WhiteElo "1628"]
[BlackElo "1412"]
[PlyCount "82"]
[EventDate "2017.08.??"]

1. e4 e6 2. d4 d5 3. Nc3 Bb4 4. exd5 exd5 5. Bd2 c6 6. Nf3 Bg4 7. h3 Bh5 8. Bd3
Nd7 9. g4 Bg6 10. Bxg6 hxg6 11. Qe2+ Qe7 12. Ne5 O-O-O 13. Bf4 Nxe5 14. Bxe5
Re8 15. Qe3 f6 16. Bf4 Qd7 17. Qxe8+ Qxe8+ 18. Kf1 Qd7 19. Kg2 g5 20. Bg3 Ne7
21. Na4 Ng6 22. c3 Bd6 23. b4 Re8 24. Rae1 Bxg3 25. fxg3 Rxe1 26. Rxe1 b6 27.
Re2 c5 28. Nb2 cxd4 29. cxd4 Qb5 30. Rc2+ Kd7 31. a3 a5 32. bxa5 Qxa5 33. a4
Qb4 34. Rf2 Qxd4 35. Re2 Ne5 36. Rf2 Qe4+ 37. Kf1 Qh1+ 38. Ke2 Qxh3 39. Nd3
Nxd3 40. Rf5 Qxg4+ 41. Kxd3 Qxf5+ 0-1

[Event "ONJK 2017 A"]
[Site "Borne, Netherlands"]
[Date "2017.08.08"]
[Round "2"]
[White "Terhuven, Patrick"]
[Black "Van der Hoeven, Carsten"]
[Result "1-0"]
[WhiteElo "2121"]
[BlackElo "1514"]
[PlyCount "79"]
[EventDate "2017.08.??"]

1. e4 d6 2. Nc3 Nf6 3. d4 g6 4. f3 Bg7 5. Be3 O-O 6. Qd2 c6 7. O-O-O b5 8. g4
Qa5 9. Kb1 b4 10. Nce2 Be6 11. Nc1 c5 12. d5 Bd7 13. h4 Rc8 14. h5 c4 15. Qh2
c3 16. hxg6 fxg6 17. Bd4 cxb2 18. Nb3 Qc7 19. Bxb2 a5 20. Bd3 a4 21. Nd4 b3 22.
cxb3 axb3 23. a3 Na6 24. Nge2 Nc5 25. Nc3 Na4 26. Nxa4 Rxa4 27. Rc1 Qa7 28.
Rxc8+ Bxc8 29. Nc6 Qd7 30. Bb5 Ra8 31. a4 Ba6 32. Qe2 Bxb5 33. Qxb5 Qc7 34. Rc1
Qd7 35. a5 Ne8 36. Bxg7 Kxg7 37. Rc4 e6 38. a6 Ra7 39. Nxa7 Qxb5 40. Nxb5 1-0

[Event "ONJK 2017 A"]
[Site "Borne, Netherlands"]
[Date "2017.08.08"]
[Round "2"]
[White "Van Malder, Dries"]
[Black "Stemmler, Fabian"]
[Result "1-0"]
[WhiteElo "1916"]
[BlackElo "1989"]
[PlyCount "85"]
[EventDate "2017.08.??"]

1. d4 e6 2. c4 f5 3. g3 Nf6 4. Bg2 Be7 5. Nf3 d6 6. O-O O-O 7. Nc3 Ne4 8. Qc2
Nxc3 9. Qxc3 a5 10. b3 Bf6 11. Bb2 Nc6 12. Qd2 e5 13. dxe5 dxe5 14. Qd5+ Kh8
15. Qxd8 Rxd8 16. Rfd1 Be6 17. Ne1 Rxd1 18. Rxd1 a4 19. Bxc6 bxc6 20. Nd3 e4
21. Nc5 Bxb2 22. Nxe6 axb3 23. axb3 Be5 24. Rd8+ Rxd8 25. Nxd8 Bc3 26. Nxc6 Kg8
27. Ne7+ Kf7 28. Nxf5 Ke6 29. Ne3 Kd6 30. Nc2 c5 31. e3 h5 32. h3 Ke5 33. g4
Kf6 34. Kg2 Kg5 35. Kg3 h4+ 36. Kg2 Kf6 37. f3 Ke5 38. f4+ Ke6 39. Kf2 Kf6 40.
Na3 Ke6 41. Ke2 Kf6 42. Nb1 Bb4 43. Nd2 1-0

[Event "ONJK 2017 A"]
[Site "Borne, Netherlands"]
[Date "2017.08.08"]
[Round "2"]
[White "Van Roon, Sjoerd"]
[Black "Koning, Femke"]
[Result "1-0"]
[WhiteElo "1894"]
[BlackElo "1456"]
[PlyCount "59"]
[EventDate "2017.08.??"]

1. e4 e5 2. Nf3 Nc6 3. Bc4 Bc5 4. c3 d6 5. O-O Nf6 6. d4 exd4 7. cxd4 Bb6 8.
Nc3 O-O 9. h3 h6 10. Be3 Re8 11. Qc2 Ba5 12. Nd2 Bxc3 13. bxc3 a6 14. d5 Ne5
15. Bb3 b5 16. f4 Ned7 17. Rf3 Nc5 18. Bxc5 dxc5 19. c4 c6 20. Rd1 Qc7 21. e5
bxc4 22. Nxc4 cxd5 23. Nd6 Rd8 24. Nxc8 Nd7 25. Ne7+ Kf8 26. Nxd5 Qa7 27. Qh7
f6 28. e6 c4+ 29. Kh2 Nc5 30. Qh8# 1-0

[Event "ONJK 2017 A"]
[Site "Borne, Netherlands"]
[Date "2017.08.08"]
[Round "2"]
[White "Weber, Jannis"]
[Black "Boudry, William"]
[Result "0-1"]
[WhiteElo "1878"]
[BlackElo "1965"]
[PlyCount "114"]
[EventDate "2017.08.??"]

1. e4 e5 2. Nf3 Nc6 3. Bc4 Bc5 4. c3 Nf6 5. d4 exd4 6. O-O Nxe4 7. cxd4 d5 8.
Re1 Be7 9. Bb3 O-O 10. h3 Be6 11. Nbd2 Bb4 12. Nxe4 Bxe1 13. Bg5 Qc8 14. Nf6+
gxf6 15. Bxf6 Bxh3 16. Nxe1 Qf5 17. Bh4 Bg4 18. Qd2 Rae8 19. f3 Bh5 20. g4 Bxg4
21. fxg4 Qxg4+ 22. Qg2 Re4 23. Bxd5 Rxd4 24. Bf6 Qxg2+ 25. Bxg2 Rd6 26. Bc3
Rfd8 27. Bf3 Nd4 28. Bh5 Rd5 29. Bd1 Nb5 30. Bb3 Nxc3 31. bxc3 Rg5+ 32. Kf2 Kg7
33. Nf3 Rf5 34. Rg1+ Kf6 35. Ke2 Re8+ 36. Kf2 h5 37. Rh1 Rg8 38. Ke2 Rg2+ 39.
Ke3 Rg3 40. Bd1 Rc5 41. Kd4 b6 42. Nd2 Re5 43. Ne4+ Rxe4+ 44. Kxe4 Rxc3 45.
Rxh5 Rc1 46. Bb3 Kg6 47. Rh2 f5+ 48. Kf4 Rf1+ 49. Ke5 Re1+ 50. Kf4 Re4+ 51. Kf3
a5 52. Rc2 a4 53. Rc6+ Kg5 54. Bg8 Re7 55. Rc4 Rg7 56. Be6 b5 57. Rc5 Re7 0-1

[Event "ONJK 2017 A"]
[Site "Borne, Netherlands"]
[Date "2017.08.08"]
[Round "2.1"]
[White "Knudsen, Simon"]
[Black "De Boer, Eelke"]
[Result "0-1"]
[WhiteElo "1964"]
[BlackElo "2190"]
[PlyCount "92"]
[EventDate "2017.08.??"]

1. e4 c5 2. Nf3 d6 3. d4 cxd4 4. Nxd4 Nf6 5. Nc3 a6 6. Bg5 Nbd7 7. Qe2 h6 8.
Bxf6 Nxf6 9. O-O-O e5 10. Nf5 g6 11. Ne3 Be6 12. Kb1 Rc8 13. Qd2 b5 14. Bd3 h5
15. f4 Bh6 16. f5 Bc4 17. Qe2 Bxe3 18. Qxe3 Ng4 19. Qf3 g5 20. h4 gxh4 21. g3
Qb6 22. Bxc4 Rxc4 23. Nd5 Qf2 24. Qa3 Rxc2 25. gxh4 O-O 26. Rhf1 Qh2 27. Rh1
Qf2 28. Rhf1 Qc5 29. Qd3 Rh2 30. Rc1 Qd4 31. Qxd4 exd4 32. Rfd1 Ne5 33. Rg1+
Kh8 34. Rg5 Rxh4 35. Nf6 Nf3 36. Rg2 d3 37. Rd1 d2 38. Rg3 Nh2 39. Rg5 Rc8 40.
Rxh5+ Rxh5 41. Nxh5 Nf3 42. f6 Kh7 43. Nf4 Kh6 44. Nd5 Kg5 45. Rf1 Ne1 46. Rg1+
Kh4 0-1

[Event "ONJK 2017 A"]
[Site "Borne, Netherlands"]
[Date "2017.08.08"]
[Round "2.2"]
[White "Dauw, Sterre"]
[Black "Hilwerda, Jonas"]
[Result "0-1"]
[WhiteElo "1958"]
[BlackElo "2132"]
[PlyCount "52"]
[EventDate "2017.08.??"]

1. e4 e5 2. Nf3 Nc6 3. d4 exd4 4. Nxd4 Nf6 5. Nxc6 bxc6 6. e5 Qe7 7. Qe2 Nd5 8.
c4 Ba6 9. Nd2 g6 10. b3 Bg7 11. Bb2 O-O 12. O-O-O Rfe8 13. Nf3 Nb6 14. Qc2 Rad8
15. Bd3 d5 16. exd6 cxd6 17. Rhe1 Qf8 18. Rxe8 Rxe8 19. Ba3 c5 20. Kb1 Bb7 21.
Qd2 f5 22. Qa5 Qf6 23. Kc2 Be4 24. Ne1 Qh4 25. Bxe4 Qxf2+ 26. Rd2 Qxe1 0-1

[Event "ONJK 2017 A"]
[Site "Borne, Netherlands"]
[Date "2017.08.08"]
[Round "2.3"]
[White "Godde, Matthias"]
[Black "Korten, Lando"]
[Result "0-1"]
[WhiteElo "1956"]
[BlackElo "2119"]
[PlyCount "56"]
[EventDate "2017.08.??"]

1. d4 Nf6 2. c4 g6 3. Nc3 Bg7 4. e4 d6 5. f3 O-O 6. Be3 e5 7. Qd2 Nc6 8. Nge2
a6 9. d5 Ne7 10. O-O-O b5 11. g4 h5 12. gxh5 Nxh5 13. Ng3 Nf4 14. cxb5 axb5 15.
Bxb5 Ba6 16. Bxa6 Rxa6 17. h4 Qa8 18. h5 Rb8 19. Kb1 c6 20. h6 Bf6 21. h7+ Kh8
22. Nge2 cxd5 23. Bxf4 exf4 24. Qxf4 Bg7 25. Qxf7 Rxa2 26. Rd2 Ra1+ 27. Kc2
Rxb2+ 28. Kxb2 Qa2# 0-1

[Event "ONJK 2017 A"]
[Site "Borne, Netherlands"]
[Date "2017.08.08"]
[Round "2.4"]
[White "Pauwels, Xander"]
[Black "Ortmeier, Leonard"]
[Result "1/2-1/2"]
[WhiteElo "2099"]
[BlackElo "1956"]
[PlyCount "46"]
[EventDate "2017.08.??"]

1. d4 Nf6 2. c4 e6 3. Nf3 b6 4. g3 Bb7 5. Bg2 Be7 6. O-O O-O 7. Nc3 Ne4 8. Qd3
Nxc3 9. Qxc3 f5 10. Rd1 d6 11. Qe3 Qc8 12. Bd2 Bf6 13. Bc3 Re8 14. c5 Bd5 15.
cxd6 cxd6 16. a4 Qd7 17. b4 Nc6 18. Rd2 Rac8 19. b5 Ne7 20. Bb4 Red8 21. Qa3 g5
22. e3 g4 23. Ne1 Bxg2 1/2-1/2

[Event "ONJK 2017 A"]
[Site "Borne, Netherlands"]
[Date "2017.08.08"]
[Round "2.5"]
[White "Bekedam, Tyro"]
[Black "De Bock, Thijs"]
[Result "0-1"]
[WhiteElo "2042"]
[BlackElo "1951"]
[PlyCount "68"]
[EventDate "2017.08.??"]

1. e4 c5 2. Nf3 d6 3. d4 cxd4 4. Nxd4 Nf6 5. Nc3 g6 6. Be3 Bg7 7. f3 O-O 8. Qd2
Nc6 9. O-O-O d5 10. Qe1 e5 11. Nxc6 bxc6 12. exd5 Nxd5 13. Bc4 Be6 14. Kb1 Rb8
15. Ne4 h6 16. Bxa7 Rb7 17. Bc5 f5 18. Bxf8 Qxf8 19. Nf2 Rxb2+ 20. Kxb2 e4+ 21.
c3 Qb4+ 22. Bb3 Bxc3+ 23. Qxc3 Qxc3+ 24. Kb1 e3 25. Rhe1 exf2 26. Rxe6 Qxb3+
27. axb3 Nc3+ 28. Kc2 Nxd1 29. Kxd1 f1=Q+ 30. Kd2 Qxg2+ 31. Ke3 f4+ 32. Kd4
Qd2+ 33. Ke5 Qd5+ 34. Kf6 Qg5# 0-1

[Event "ONJK 2017 A"]
[Site "Borne, Netherlands"]
[Date "2017.08.08"]
[Round "2.6"]
[White "Wensing, Maximilian"]
[Black "Jongste, David"]
[Result "0-1"]
[WhiteElo "1956"]
[BlackElo "2005"]
[PlyCount "60"]
[EventDate "2017.08.??"]

1. e4 c5 2. Nf3 e6 3. d4 cxd4 4. Nxd4 Nc6 5. Nc3 Qc7 6. Be3 a6 7. Bd3 Nf6 8.
O-O b5 9. Re1 Bb7 10. f4 Nxd4 11. Bxd4 Qxf4 12. Rf1 Qd6 13. Bxf6 gxf6 14. Kh1
Qe5 15. Qe1 Bd6 16. Qh4 O-O-O 17. a4 b4 18. Ne2 Rdg8 19. Ng3 Rg5 20. Qh6 Rg6
21. Qe3 h5 22. Qb6 h4 23. Bxa6 Bxa6 24. Qxa6+ Kd8 25. Rfd1 hxg3 26. Qa8+ Bb8
27. Rxd7+ Kxd7 28. Qb7+ Bc7 29. Rd1+ Ke7 30. Qxb4+ Ke8 0-1

[Event "ONJK 2017 A"]
[Site "Borne, Netherlands"]
[Date "2017.08.08"]
[Round "2.22"]
[White "Hofstra, Tijmen"]
[Black "Boekhoudt, Nicolien"]
[Result "1-0"]
[WhiteElo "1551"]
[BlackElo "1274"]
[PlyCount "77"]
[EventDate "2017.08.??"]

1. e4 e5 2. Nf3 Nc6 3. Bc4 Nf6 4. d3 Bc5 5. c3 d5 6. exd5 Nxd5 7. Qb3 Be6 8.
Qxb7 Nde7 9. Bxe6 fxe6 10. Qb5 Bd6 11. Qc4 Qd7 12. Ng5 Nd8 13. O-O h6 14. Ne4
Nb7 15. Nxd6+ Nxd6 16. Qg4 Nef5 17. Re1 Qb5 18. c4 Qa5 19. Bd2 Qc5 20. Qg6+ Nf7
21. Qxe6+ Ne7 22. Bc3 Ng5 23. Qxe5 Qxe5 24. Bxe5 O-O 25. Bxg7 Kxg7 26. Rxe7+
Kf6 27. Rxc7 Rfd8 28. Nc3 Rxd3 29. Nd5+ Kf5 30. Rd7 Ke6 31. Rg7 Kf5 32. Re1 Re8
33. g4+ Kxg4 34. Rxe8 Kf3 35. Re3+ Rxe3 36. Nxe3 Nh3+ 37. Kf1 Ng5 38. Rxg5 hxg5
39. c5 1-0

[Event "ONJK 2017 A"]
[Site "Borne, Netherlands"]
[Date "2017.08.08"]
[Round "3"]
[White "Berghuis, Thomas"]
[Black "Schuttevaer, Tim"]
[Result "0-1"]
[WhiteElo "1427"]
[BlackElo "1628"]
[PlyCount "44"]
[EventDate "2017.08.??"]

1. e4 e5 2. Nf3 Nc6 3. Bc4 d6 4. h3 Nf6 5. Ng5 d5 6. exd5 Na5 7. d3 h6 8. Nf3
e4 9. Ne5 Bd6 10. Bb5+ Kf8 11. d4 Qe7 12. c4 Bxe5 13. dxe5 Qxe5 14. Qa4 b6 15.
Qb4+ Kg8 16. O-O g5 17. Bd2 g4 18. Bc3 Qg5 19. Qe7 gxh3 20. g3 h2+ 21. Kxh2
Ng4+ 22. Kg2 Qxe7 0-1

[Event "ONJK 2017 A"]
[Site "Borne, Netherlands"]
[Date "2017.08.08"]
[Round "3"]
[White "Bosma, Jan"]
[Black "Dauw, Sterre"]
[Result "0-1"]
[WhiteElo "1673"]
[BlackElo "1958"]
[PlyCount "94"]
[EventDate "2017.08.??"]

1. c4 Nf6 2. g3 c5 3. Bg2 d5 4. cxd5 Nxd5 5. Nc3 Nc7 6. f4 Nc6 7. Nf3 g6 8. O-O
Bg7 9. b3 O-O 10. Bb2 e5 11. fxe5 Nxe5 12. Nxe5 Bxe5 13. Qc2 Qe7 14. Ne4 Bxb2
15. Qxb2 f5 16. Nc3 Qd6 17. Rf3 Rb8 18. Raf1 Be6 19. e4 Qd4+ 20. Kh1 fxe4 21.
Rxf8+ Rxf8 22. Rxf8+ Kxf8 23. Bxe4 Qf2 24. Qc1 b6 25. Bg2 Ke7 26. d4 Qxd4 27.
Ne2 Qe5 28. Nf4 Bf5 29. Qd1 g5 30. Nd5+ Nxd5 31. Bxd5 Be4+ 32. Bxe4 Qxe4+ 33.
Kg1 Qd4+ 34. Qxd4 cxd4 35. Kf2 g4 36. Ke2 Ke6 37. a3 b5 38. a4 bxa4 39. bxa4 a5
40. Kd2 Kd5 41. Kd3 Kc5 42. Kd2 Kc4 43. Kc2 d3+ 44. Kb2 Kd4 45. Kb3 d2 46. Kc2
Ke3 47. Kd1 Kd3 0-1

[Event "ONJK 2017 A"]
[Site "Borne, Netherlands"]
[Date "2017.08.08"]
[Round "3"]
[White "De Jong, Eliza"]
[Black "Wensing, Maximilian"]
[Result "0-1"]
[WhiteElo "1610"]
[BlackElo "1956"]
[PlyCount "60"]
[EventDate "2017.08.??"]

1. e4 c5 2. Nf3 d6 3. d4 cxd4 4. Nxd4 Nf6 5. Nc3 a6 6. Be3 e5 7. Nb3 Be6 8. Bd3
Be7 9. f3 Nbd7 10. Nd2 Qc7 11. Qe2 Rc8 12. O-O O-O 13. a4 d5 14. exd5 Nxd5 15.
Nxd5 Bxd5 16. Bxh7+ Kxh7 17. Qd3+ Kg8 18. Qxd5 Nf6 19. Qb3 Qxc2 20. Qxb7 Rc7
21. Qxa6 Nd5 22. Rac1 Qxc1 23. Rxc1 Rxc1+ 24. Kf2 Nxe3 25. Nb3 Nd1+ 26. Ke2 Rb1
27. Qb5 Rd8 28. Qxe5 Rxb2+ 29. Nd2 Rdxd2+ 30. Kf1 Ne3+ 0-1

[Event "ONJK 2017 A"]
[Site "Borne, Netherlands"]
[Date "2017.08.08"]
[Round "3"]
[White "Holtel, Jasper"]
[Black "Hofstra, Tijmen"]
[Result "1-0"]
[WhiteElo "2244"]
[BlackElo "1551"]
[PlyCount "145"]
[EventDate "2017.08.??"]

1. e4 c5 2. Nf3 e6 3. b3 d5 4. exd5 exd5 5. d4 cxd4 6. Nxd4 Nc6 7. Nxc6 bxc6 8.
Bb2 Nf6 9. Bd3 Bb4+ 10. c3 Qe7+ 11. Qe2 Qxe2+ 12. Bxe2 Be7 13. Nd2 O-O 14. O-O
Re8 15. Bd3 Bd6 16. Rad1 Bd7 17. h3 c5 18. Nf3 Bc6 19. Rfe1 h6 20. Bc2 Nh5 21.
g3 d4 22. Nh4 Rxe1+ 23. Rxe1 dxc3 24. Bxc3 Bf8 25. Bd1 Nf6 26. Bxf6 gxf6 27.
Bf3 Bxf3 28. Nxf3 a5 29. Re4 Kh7 30. Nh4 Bd6 31. Rc4 Rg8 32. Kg2 Rg5 33. Ra4
Bc7 34. Re4 Re5 35. Rxe5 fxe5 36. Kf3 Kg7 37. Ke4 Kf6 38. Nf5 h5 39. Ne3 Ke6
40. Nf5 Kf6 41. f3 Bb8 42. Ne3 Ke6 43. Nf5 Kf6 44. h4 Bc7 45. g4 hxg4 46. fxg4
Bd8 47. Kd5 Kg6 48. Kxe5 Bf6+ 49. Kd5 Bc3 50. Kxc5 Kf6 51. Kd5 Be1 52. Ke4 Kg6
53. h5+ Kh7 54. Nd6 Kg8 55. Kf5 Bb4 56. Nc4 Kf8 57. Ne3 Bd2 58. Nc2 Ke7 59. a3
Bc3 60. g5 f6 61. g6 Bd2 62. b4 axb4 63. Nxb4 Bc1 64. Nd5+ Kf8 65. a4 Kg7 66.
Nxf6 Kh8 67. a5 Be3 68. a6 Kg7 69. Ng4 Bd4 70. h6+ Kf8 71. Ke6 Bf6 72. a7 Bh8
73. a8=Q# 1-0

[Event "ONJK 2017 A"]
[Site "Borne, Netherlands"]
[Date "2017.08.08"]
[Round "3"]
[White "Kanbier, Max"]
[Black "Bekedam, Tyro"]
[Result "1/2-1/2"]
[WhiteElo "1849"]
[BlackElo "2042"]
[PlyCount "31"]
[EventDate "2017.08.??"]

1. e4 e6 2. d4 d5 3. exd5 exd5 4. Bf4 Bf5 5. Bd3 Bxd3 6. Qxd3 Nc6 7. c3 Nge7 8.
Nd2 Qd7 9. Ngf3 f6 10. O-O-O O-O-O 11. h3 g5 12. Bh2 Ng6 13. Nb3 Bd6 14. Bxd6
Qxd6 15. Nc5 Nb8 16. Rhe1 1/2-1/2

[Event "ONJK 2017 A"]
[Site "Borne, Netherlands"]
[Date "2017.08.08"]
[Round "3"]
[White "Koning, Femke"]
[Black "Boekhoudt, Nicolien"]
[Result "1-0"]
[WhiteElo "1456"]
[BlackElo "1274"]
[PlyCount "102"]
[EventDate "2017.08.??"]

1. e4 e5 2. Nf3 Nc6 3. d4 exd4 4. Nxd4 Nf6 5. Nxc6 dxc6 6. Qxd8+ Kxd8 7. Bd3
Bd6 8. Nd2 Re8 9. f3 Ke7 10. Nb3 Kf8 11. Be3 Be6 12. O-O b6 13. Bf2 c5 14. Nd2
Rad8 15. Rfe1 c6 16. e5 c4 17. Nxc4 Bxc4 18. exf6 Bxd3 19. fxg7+ Kxg7 20. cxd3
Bb4 21. Rxe8 Rxe8 22. Kf1 Rd8 23. Rd1 Bd6 24. g3 Be5 25. b3 c5 26. Be3 Rd5 27.
Ke2 a5 28. a4 Bd4 29. Bf4 Be5 30. Be3 Bd4 31. Bxd4+ Rxd4 32. Kd2 Rd6 33. Re1
Rf6 34. f4 Rh6 35. Re2 Kf6 36. Kc3 Kf5 37. d4 cxd4+ 38. Kxd4 Kg4 39. Rf2 Rc6
40. Rb2 Kh3 41. Ke5 Kg4 42. Kd5 Rc5+ 43. Kd6 Kf5 44. b4 axb4 45. Rxb4 Ra5 46.
Rb5+ Kf6 47. Rxa5 bxa5 48. Kc6 Ke7 49. Kb6 Kd8 50. Kxa5 Kc7 51. Kb5 Kb7 1-0

[Event "ONJK 2017 A"]
[Site "Borne, Netherlands"]
[Date "2017.08.08"]
[Round "3"]
[White "Kratz, Alexander"]
[Black "Schelleman, Niels"]
[Result "1/2-1/2"]
[WhiteElo "1536"]
[BlackElo "1427"]
[PlyCount "55"]
[EventDate "2017.08.??"]

1. d4 d5 2. e4 dxe4 3. Nc3 Nf6 4. f3 Bf5 5. fxe4 Nxe4 6. Qf3 Nxc3 7. bxc3 Bxc2
8. Qxb7 Nd7 9. Bb5 Bf5 10. Qf3 g6 11. g4 Rb8 12. Ba4 Rb1 13. Rxb1 Bxb1 14. Qd5
Bg7 15. Nf3 e6 16. Qc6 Bxa2 17. c4 Bf6 18. O-O O-O 19. Qxd7 Qxd7 20. Bxd7 Bxc4
21. Re1 Rd8 22. Bc6 Bxd4+ 23. Nxd4 Rxd4 24. h3 Bd5 25. Bxd5 Rxd5 26. Bf4 Rc5
27. Rd1 a5 28. Rd8+ 1/2-1/2

[Event "ONJK 2017 A"]
[Site "Borne, Netherlands"]
[Date "2017.08.08"]
[Round "3"]
[White "Langie, Jeroen"]
[Black "Lansink, Jelmer"]
[Result "1/2-1/2"]
[WhiteElo "1432"]
[BlackElo "1144"]
[PlyCount "93"]
[EventDate "2017.08.??"]

1. d4 Nf6 2. c4 g6 3. Nc3 Bg7 4. e4 d6 5. Nf3 O-O 6. Be2 e5 7. O-O Re8 8. dxe5
dxe5 9. Qxd8 Rxd8 10. Bg5 Nc6 11. Nd5 Rd6 12. c5 Rxd5 13. exd5 Nxd5 14. Bc4
Ndb4 15. Rac1 e4 16. Rfe1 Bxb2 17. Rcd1 exf3 18. Re8+ Kg7 19. Rde1 b6 20. R1e3
Bb7 21. Rxa8 Bxa8 22. Rxf3 f5 23. a3 Nd4 24. Re3 Nbc6 25. cxb6 axb6 26. Bf4 Bc1
27. Be5+ Nxe5 28. Rxe5 Kf6 29. Re8 Bb7 30. Rf8+ Kg7 31. Rf7+ Kh6 32. Rxc7 Be4
33. Bg8 Bxa3 34. f4 g5 35. Rxh7+ Kg6 36. fxg5 Kxg5 37. h4+ Kf6 38. h5 Bc5 39.
Kh2 f4 40. Rd7 Kg5 41. Bf7 f3 42. gxf3 Bxf3 43. Kg1 Bxh5 44. Rd5+ Kf6 45. Bxh5
Ke6 46. Rxd4 Bxd4+ 47. Kf1 1/2-1/2

[Event "ONJK 2017 A"]
[Site "Borne, Netherlands"]
[Date "2017.08.08"]
[Round "3"]
[White "Maerevoet, Sim"]
[Black "Weber, Jannis"]
[Result "0-1"]
[WhiteElo "2085"]
[BlackElo "1878"]
[PlyCount "96"]
[EventDate "2017.08.??"]

1. d4 Nf6 2. c4 g6 3. Nc3 d5 4. cxd5 Nxd5 5. e4 Nxc3 6. bxc3 Bg7 7. Bc4 c5 8.
Ne2 Nc6 9. Be3 cxd4 10. cxd4 O-O 11. O-O Bd7 12. Qd2 a6 13. Rac1 Qa5 14. Qxa5
Nxa5 15. Bd3 Rfc8 16. Nf4 e6 17. d5 b5 18. dxe6 Bxe6 19. Nd5 Bxd5 20. exd5 Nc4
21. Bf4 Be5 22. Bxe5 Nxe5 23. Be2 Rxc1 24. Rxc1 Rd8 25. Rd1 Rd6 26. Kf1 Kf8 27.
f4 Nc4 28. Bxc4 bxc4 29. Rd4 Ke7 30. Ke2 Rd7 31. Ke3 Rd8 32. Rd1 Rb8 33. Rd2 c3
34. Rc2 Kd6 35. Kd4 Rb4+ 36. Kxc3 Rxf4 37. Rd2 Ra4 38. Kb3 Ra5 39. Kb4 Rb5+ 40.
Kc4 Rc5+ 41. Kb4 f5 42. h4 h6 43. Rd3 Rxd5 44. Rg3 Rd4+ 45. Ka5 Rg4 46. Rxg4
fxg4 47. Kxa6 h5 48. a4 g5 0-1

[Event "ONJK 2017 A"]
[Site "Borne, Netherlands"]
[Date "2017.08.08"]
[Round "3"]
[White "Moerman, Thomas"]
[Black "De Waele, Warre"]
[Result "1-0"]
[WhiteElo "1900"]
[BlackElo "2168"]
[PlyCount "105"]
[EventDate "2017.08.??"]

1. d4 Nf6 2. c4 e6 3. Nc3 Bb4 4. f3 d5 5. a3 Bxc3+ 6. bxc3 c5 7. cxd5 exd5 8.
e3 c4 9. Qc2 O-O 10. Ne2 Re8 11. Ng3 Nc6 12. Be2 Qe7 13. O-O Na5 14. Rb1 h5 15.
Nf5 Qe6 16. e4 dxe4 17. fxe4 Qxe4 18. Qxe4 Nxe4 19. Bxh5 Be6 20. Rb5 b6 21. Re5
Nf6 22. Nxg7 Kxg7 23. Rg5+ Kf8 24. Rxf6 Nb3 25. Bf4 Ke7 26. Be5 Nd2 27. Rg7 Rf8
28. Rh6 Rh8 29. Rxf7+ Bxf7 30. Bxh8 Bxh5 31. Rxh5 Rf8 32. h4 Nb1 33. Be5 Nxc3
34. Rh7+ Ke6 35. Rxa7 Nd5 36. Rg7 c3 37. Rg6+ Kd7 38. Rd6+ Ke7 39. Rc6 Kd7 40.
Rc4 Rc8 41. Rxc8 Kxc8 42. Bg7 c2 43. Bh6 Nc3 44. h5 Kd7 45. Bd2 Ke6 46. h6 Kf6
47. g4 Ne2+ 48. Kf2 Nxd4 49. g5+ Kg6 50. Ke3 Nb3 51. Kd3 c1=Q 52. Bxc1 Nxc1+
53. Kc4 1-0

[Event "ONJK 2017 A"]
[Site "Borne, Netherlands"]
[Date "2017.08.08"]
[Round "3"]
[White "Stemmler, Fabian"]
[Black "Limberg, Thomas"]
[Result "1-0"]
[WhiteElo "1989"]
[BlackElo "1753"]
[PlyCount "43"]
[EventDate "2017.08.??"]

1. d4 Nf6 2. Bg5 d5 3. e3 e6 4. Nf3 c5 5. c3 Nc6 6. Nbd2 Be7 7. Bd3 Bd7 8. O-O
Rc8 9. Ne5 Nxe5 10. dxe5 Ng8 11. Bf4 h5 12. e4 d4 13. cxd4 cxd4 14. Nb3 g5 15.
Bd2 Bc6 16. Rc1 f6 17. f4 Qc7 18. Nc5 Bxc5 19. Rxc5 b6 20. Rc1 Qd7 21. Qb3 Kd8
22. fxg5 1-0

[Event "ONJK 2017 A"]
[Site "Borne, Netherlands"]
[Date "2017.08.08"]
[Round "3"]
[White "Teschler, Ansgar"]
[Black "Ramacker, Quinten"]
[Result "0-1"]
[WhiteElo "1791"]
[BlackElo "1981"]
[PlyCount "42"]
[EventDate "2017.08.??"]

1. d4 Nf6 2. c4 e6 3. Nc3 d5 4. cxd5 exd5 5. Bg5 Bb4 6. e3 O-O 7. Bd3 c6 8.
Nge2 Bd6 9. Qc2 h6 10. Bh4 Re8 11. O-O Bxh2+ 12. Kxh2 Ng4+ 13. Kg3 g5 14. Rh1
gxh4+ 15. Rxh4 Qg5 16. Rxg4 Bxg4 17. Kh2 Nd7 18. f3 Bh5 19. e4 Kh8 20. e5 Bxf3
21. gxf3 Qh4+ 0-1

[Event "ONJK 2017 A"]
[Site "Borne, Netherlands"]
[Date "2017.08.08"]
[Round "3"]
[White "Van Doren, Bas"]
[Black "Knudsen, Simon"]
[Result "1-0"]
[WhiteElo "1748"]
[BlackElo "1964"]
[PlyCount "51"]
[EventDate "2017.08.??"]

1. e4 c5 2. Be2 Nc6 3. d3 g6 4. f4 Bg7 5. Nf3 e6 6. O-O Nge7 7. Qe1 Nd4 8. Bd1
d5 9. Nbd2 Bd7 10. c3 Nxf3+ 11. Nxf3 Bb5 12. Be2 Bc6 13. Bd1 Qc7 14. a4 b6 15.
Bc2 Rd8 16. f5 gxf5 17. exf5 Nxf5 18. d4 Nd6 19. Bf4 Qe7 20. Bg5 f6 21. Ne5 Rc8
22. Bh4 Bb7 23. Ng4 O-O 24. Qg3 Ne8 25. Qd3 Rf7 26. Ne5 1-0

[Event "ONJK 2017 A"]
[Site "Borne, Netherlands"]
[Date "2017.08.08"]
[Round "3"]
[White "Van Roon, Sjoerd"]
[Black "Terhuven, Patrick"]
[Result "0-1"]
[WhiteElo "1894"]
[BlackElo "2121"]
[PlyCount "56"]
[EventDate "2017.08.??"]

1. e4 c5 2. Nf3 g6 3. d4 cxd4 4. Nxd4 Nc6 5. c4 Nf6 6. Nc3 d6 7. Be2 Nxd4 8.
Qxd4 Bg7 9. Be3 O-O 10. Qd2 a5 11. O-O a4 12. f3 Qa5 13. Rab1 Be6 14. Rfc1 Rfc8
15. b3 axb3 16. axb3 Qb4 17. Rc2 Nd7 18. Nd5 Qxd2 19. Rxd2 Bxd5 20. Rxd5 Nc5
21. Bd4 Bxd4+ 22. Rxd4 Ra2 23. Bd1 Ne6 24. Rd5 Nf4 25. Rg5 e5 26. Kf1 Rca8 27.
Rg4 h5 28. Rh4 g5 0-1